000 01006nam a2200265Ia 4500
003 OSt
005 20220923211246.0
006 a|||||r|||| 00| 0
007 ta
008 220922b |||||||| |||| 00| 0 hin d
020 _a9788178542409 (hbk)
_c850
024 _a274,776
037 _b139, 04/09/2013, Eastern Book Linkers
_cTextual
040 _aARTS
_cARTS
_bhin
041 _2hin
_ahin
082 _aO152,1N49:g, Q3
100 _aपाण्डेय, रमाकान्ता
245 0 _aराधावल्लभ की सारस्वत साधना
246 _aRādhāvallabh kī sārasvat sādhanā
260 _aदिल्ली
_b ईस्टर्न बुक लिंकर्स
_c2013
300 _a209पृ.
_ccm.
650 _aहिन्दी साहित्य
_9156264
942 _hO152,1N49:g, Q3
_cTEXL
_2CC
999 _c297818
_d297818